| 000 | 00544cam a22002171 4500 | ||
|---|---|---|---|
| 001 | sa 64003189 | ||
| 003 | DLC | ||
| 005 | 20260227112015.0 | ||
| 008 | 900117s1962 ii 000 0 maro | ||
| 010 | _asa 64003189 | ||
| 035 | _a(OCoLC)20916022 | ||
| 040 |
_aDLC _cWaU _dDLC |
||
| 042 | _apremarc | ||
| 050 | 0 | 0 |
_aPK2418.N25 _bS2 |
| 100 | 0 |
_aNarasīvhasarasvatī, _cSwami, _d-1885. |
|
| 245 | 1 | 0 | _aSārtha śrīsvātmasaukhya. |
| 260 | _c[1962] | ||
| 300 |
_a20, 180 p. _c19 cm. |
||
| 500 | _aIn Marathi. | ||
| 700 | 0 |
_aAprabuddha, _d1888- |
|
| 999 |
_c57755 _d57755 |
||